| 000 | 00521nam a2200169Ia 4500 | ||
|---|---|---|---|
| 003 | SGT | ||
| 020 | _a9781259002380 | ||
| 082 |
_a532.02466 _bNEV |
||
| 100 | _aDe Nevers, Noel, | ||
| 245 | _aFluid mechanics for chemical engineers | ||
| 250 | _a3rd Ed. | ||
| 260 |
_bTata McGraw Hill Education Private Limited _aNew Delhi _c2012 |
||
| 300 | _a632p. | ||
| 650 | _a MECHANICAL ENGINEERING | ||
| 653 | _a,PHYSICS, FLUID STATICS ,THE BALANCE EQUATION AND THE MASS BALANCE , THE FIRST LAW OF THEMODYNAMICS | ||
| 942 |
_2ddc _cBK |
||
| 999 |
_c5591 _d5591 |
||